Aj Zlatý trojuholník si musí k prosperite pomôcť

Zlatý trojuholník (Bratislava, Viedeň, Györ, v širšom zmysle aj Budapešť) - ohnisko prosperity strednej Európy. Rast regiónu Viedeň - Bratislava. Južné časti Trnavského a Nitrianskeho samosprávneho kraja profitujú zo spolupráce s Maďarskom. Nízka mobilita pracovných síl. Investície rakúskych firiem...

Descrizione completa

Salvato in:
Dettagli Bibliografici
Autore principale: Baťo, Rado
Altri autori: Slovák, Kristian
Natura: Capitolo di libro
Lingua:slovacco
Soggetti:
Tags: Aggiungi Tag
Nessun Tag, puoi essere il primo ad aggiungerne!!

MARC

LEADER 00000naa$a2200000$$$4500
001 0007959
005 20231009074533.4
041 0 |a slo 
044 |a SK 
245 1 0 |a Aj Zlatý trojuholník si musí k prosperite pomôcť  |c aut. Rado Baťo, Kristian Slovák 
520 |a Zlatý trojuholník (Bratislava, Viedeň, Györ, v širšom zmysle aj Budapešť) - ohnisko prosperity strednej Európy. Rast regiónu Viedeň - Bratislava. Južné časti Trnavského a Nitrianskeho samosprávneho kraja profitujú zo spolupráce s Maďarskom. Nízka mobilita pracovných síl. Investície rakúskych firiem na Slovensku. Slovenské pracovné sily v Maďarsku. Zlepšenie dopravnej infraštruktúry. 
610 2 0 |a spolupráca cezhraničná 
610 2 0 |a regióny 
610 2 0 |a prosperita ekonomická 
610 2 0 |a sily pracovné 
610 2 0 |a investície zahraničné 
610 2 0 |a Viedeň 
610 2 0 |a Bratislava 
610 2 0 |a Györ 
100 1 |a Baťo, Rado 
700 1 |a Slovák, Kristian